000 00423nam a2200157Ia 4500
008 090711s9999 xx 000 0 und d
082 _b69161
100 _aमेहता शशिकला
245 _aतुळसा
260 _c1991
600 _aमेहता शशिकला
630 _aतुळसा
700 _aमेहता शशिकला
730 _aतुळसा
942 _cBOOK
999 _c326823
_d326823